Kraje najbliższe San Marino - Statystyki

Ogólne statystyki
  • Ten quiz został rozwiązany 248 razy
  • Średni wynik to 16 z 20
Statystyki odpowiedzi
km kraj % Poprawnych
0 Włochy
100%
221 Watykan
95%
259 Francja
92%
291 Austria
91%
141 Chorwacja
89%
388 Niemcy
87%
310 Szwajcaria
87%
186 Słowenia
85%
271 Bośnia i Hercegowina
82%
526 Czechy
82%
524 Serbia
82%
571 Słowacja
81%
495 Czarnogóra
78%
421 Węgry
78%
587 Albania
75%
409 Liechtenstein
75%
622 Kosowo
74%
695 Macedonia Północna
71%
457 Monako
70%
653 Rumunia
67%
Nie znaleziono quizów pasujących do podanych kryteriów
Rozkład punktacji
Procent ludzi z każdym wynikiem
Percentyl według liczby udzielonych odpowiedzi
Twoja historia wyników
Nie rozwiązałeś tego quizu